| 000 | 00495nam a2200193 i 4500 | ||
|---|---|---|---|
| 001 | bg | ||
| 100 | 1 | _aKREYSER, Ryszard | |
| 245 | 1 | 0 |
_aElementarz filmowca amatora 8 mm / _cRyszard Kreyser. |
| 250 | _aWyd. 2 popr. | ||
| 260 |
_aWarszawa : _bWAiF, _c1970. |
||
| 490 | 1 | _aBiblioteka Filmowca Amatora | |
| 650 | 9 | _aKinematografia | |
| 830 | _aBiblioteka Filmowca Amatora | ||
| 040 | _cBPK | ||
| 041 | 0 | _apol | |
| 080 | _a778.5 | ||
| 942 | _cKS | ||
| 008 | s pl f |000 0 pol | ||
| 999 |
_c35580 _d35580 |
||
| 856 |
_uhttp://koha.tu.koszalin.pl/cgi-bin/koha/opac-detail.pl?biblionumber=35580 _yKatalog online BPK |
||